| 000 | 00366cam a2200157ua 4500 | ||
|---|---|---|---|
| 041 |
_aeng _h |
||
| 082 |
_a635.953 _bSEA |
||
| 100 | _a, . | ||
| 245 | 0 | 0 |
_aSeasonal flowers _hTextual Documents |
| 250 |
_a1 / _b. |
||
| 260 |
_aNew Delhi : _bIndian Council for Agricultural Research , _c1962. |
||
| 300 | _a180 ; . | ||
| 504 | _a | ||
| 942 | _cBK | ||
| 999 |
_c346 _d346 |
||